Statistics for All Countries in the Americas by GDP - In Order

Click here to take the quiz!

General Stats

  • This quiz has been taken 72 times
    (41 since last reset)
  • The average score is 30 of 34

Answer Stats

GDP (USD)HintAnswer% Correct
3.3 TBBrazil
100%
20.4 TUUnited States
100%
1.8 TCCanada
97%
2.5 TMMexico
97%
1.0 TAArgentina
94%
476.8 BCChile
94%
750.2 BCColombia
94%
186.0 BDDominican Republic
94%
201.9 BEEcuador
94%
450.1 BPPeru
94%
330.9 BVVenezuela
94%
103.2 BCCuba
91%
145.5 BGGuatemala
91%
27.0 BJJamaica
91%
8.8 BSSuriname
91%
88.4 BUUruguay
91%
2.5 BAAntigua and Barbuda
88%
82.6 BBBolivia
88%
0.6 BDDominica
88%
59.6 BEEl Salvador
88%
6.6 BGGuyana
88%
20.7 BHHaiti
88%
48.8 BHHonduras
88%
38.9 BNNicaragua
88%
112.2 BPPanama
88%
72.9 BPParaguay
88%
44.1 BTTrinidad and Tobago
88%
88.8 BCCosta Rica
85%
1.7 BGGrenada
85%
12.1 BBBahamas
82%
3.3 BBBelize
82%
2.6 BSSaint Lucia
82%
1.3 BSSaint Vincent and the Grenadines
82%
1.6 BSSaint Kitts and Nevis
79%

Score Distribution

Percentile by Number Answered

Percent of People with Each Score

Your Score History

You have not taken this quiz since the last reset